000 01491cam a2200349 a 4500
001 EDZ0000063597
003 StDuBDS
005 20161031105158.0
006 m||||||||d||||||||
007 cr |||||||||||
008 120315s2011 cau fo| 001|0|eng|d
020 _a9781452230467 (ebook) :
_cNo price
040 _aStDuBDS
_beng
_cStDuBDS
_epn
049 _aAlfaisal Main Library
050 0 _aHD30.3
_b.R45 2011
082 0 4 _a302.35
_223
245 0 0 _aReframing difference in organizational communication studies
_h[electronic resource] :
_bresearch, pedagogy, and practice /
_cDennis K. Mumby, [editor and contributor].
260 _aThousand Oaks, Calif. ;
_aLondon :
_bSAGE,
_cc2011.
300 _a1 online resource (311 p.)
520 8 _aAll of the scholars in this volume explore difference from a variety of perspectives, each of which systematically looks at the relationships among communication, organizing, and difference.
521 _aSpecialized.
588 _aDescription based on print version record.
504 _aIncludes bibliographical references and index.
650 0 _aCommunication in organizations.
650 0 _aOrganizational behavior.
655 7 _aElectronic books.
_2local
700 1 _aMumby, Dennis K.
710 2 _aSage eBooks
776 0 8 _iPrint version :
_z9781412970082
856 4 0 _uhttp://ezproxy.alfaisal.edu/login?url=http://sk.sagepub.com/books/reframing-difference-in-organizational-communication-studies
942 _2lcc
_cEBOOKS
999 _c481066
_d481066